00700nam a2200229 a 4500001001300000003000900013005001700022008004100039020001000080082001300090245002100103260005000124300000800174500003500182505005900217650002100276710004900297902000800346942000700354952009400361999001500455nice12345678IN_TiNIC20260116012551.0050524s1946 alla grp 000 0 urd  ac10000a245bNOR aMan Lagan Bhajan aAllahabadbNorth India Christian Tractsc1946 a32p aincludes index and biblioraphy2 amaulana hafiz daraz al-hashiyatah/Al-minhiyal-al-salam aChristian-Poetry2 aNorth India Christian Tract and Book Society bSRS cBK 00104070aHMIbHMId2007-07-05g100.00l0o245 NORp13476r2007-07-05w2026-01-16yARB c7488d7488